Quizz teenwolf - Statistiques

Statistiques générales
  • Ce quiz a été pris 574 fois
  • Le résultat moyen est 10 sur 15
Statistiques - réponses
Question Réponse % Correct
Quelle est le nom complet du shérif Noah stilinski
81%
Quelle est le pouvoir de Lydia Banshees
79%
Qui est le bêta de scott Liam
79%
Qui est posséder par le nogitsuni Stiles
77%
Comment sont mort la mère et la sœur adoptive de Malia ? Un accident de voiture
74%
Qui est le réalisateur de teenwolf Jeff davis
70%
Quelle est le numéro de maillot de stiles 24
67%
Qui meurt tuer par un oni Aiden et allison
67%
Comment s’appelle la première argent Marie Jeanne
65%
Quelle est le prénom du fils du shérif Mieczyslaw
63%
Quelle est l’acteur de Nolan Froy guttieriez
60%
Quelle est le numéro de maillot de Liam 9
58%
Quelle est le numéro de maillot de scott 11
56%
Quel est le nom de famille de Nolan Holloway
51%
Quelle est le numéro de maillot de Nolan 26
49%
Aucun quiz correspondant
Distribution des résultats
% des personnes avec chaque résultat
Percentile par nombre de réponses
Votre historique - résultats
Vous n’avez pas pris ce quiz